Big Data Analytics : UG & PG, B. Tech., computer science, IT and data science students / by R. Elangovan, P. Rajesh and M. Govindhan (Record no. 51291)

MARC details
000 -LEADER
fixed length control field 00641nam a22001817a 4500
003 - CONTROL NUMBER IDENTIFIER
control field OSt
008 - FIXED-LENGTH DATA ELEMENTS--GENERAL INFORMATION
fixed length control field 260603b |||||||| |||| 00| 0 eng d
020 ## - INTERNATIONAL STANDARD BOOK NUMBER
International Standard Book Number 9789353873851
082 ## - DEWEY DECIMAL CLASSIFICATION NUMBER
Classification number 005.74
Item number E37B
100 ## - MAIN ENTRY--PERSONAL NAME
Personal name Elangovan, R
245 ## - TITLE STATEMENT
Title Big Data Analytics : UG & PG, B. Tech., computer science, IT and data science students / by R. Elangovan, P. Rajesh and M. Govindhan
260 ## - PUBLICATION, DISTRIBUTION, ETC. (IMPRINT)
Place of publication, distribution, etc Delhi:
Name of publisher, distributor, etc Satish Serial Publishing House ,
Date of publication, distribution, etc 2025
300 ## - PHYSICAL DESCRIPTION
Extent ix,170 p.
650 ## - SUBJECT ADDED ENTRY--TOPICAL TERM
Topical term or geographic name as entry element Computer Science, Information & General Works | Databases | Data Analytics | Data Science
700 ## - ADDED ENTRY--PERSONAL NAME
Personal name Rajesh, P |
700 ## - ADDED ENTRY--PERSONAL NAME
Personal name Govindhan, M
942 ## - ADDED ENTRY ELEMENTS (KOHA)
Source of classification or shelving scheme
Koha item type Books
Holdings
Withdrawn status Lost status Source of classification or shelving scheme Damaged status Not for loan Home library Current library Shelving location Date acquired Source of acquisition Cost, normal purchase price Total Checkouts Full call number Barcode Date last seen Bill Date Koha item type Bill Number
          Dr. Rajendra Prasad Central Agricultural University Pusa, Dr. Rajendra Prasad Central Agricultural University Pusa, General Stacks 03/06/2026 Delight Book Agency 2250.00   005.74 E37B 87289 03/06/2026 29/01/2026 Books Bill No. DBS/0262025-2026
Hosted, Implemented, Customized & Maintained by: BestBookBuddies

Powered by Koha